Sociedades Colectivas (Registro nro. 3178)
[ vista simple ]
| 000 -LEADER | |
|---|---|
| fixed length control field | 00936 a2200205 4500 |
| 001 - CONTROL NUMBER | |
| control field | 40108 |
| 005 - DATE AND TIME OF LATEST TRANSACTION | |
| control field | 20260407155656.0 |
| 008 - FIXED-LENGTH DATA ELEMENTS--GENERAL INFORMATION | |
| fixed length control field | 260407a1973 arg spa d |
| 003 - CONTROL NUMBER IDENTIFIER | |
| control field | AR-UNSa-BCEJYS |
| 040 ## - CATALOGING SOURCE | |
| Original cataloging agency | AR-UNSa-BCEJYS |
| Language of cataloging | spa |
| Transcribing agency | AR-UNSa-BCEJYS |
| 080 ## - UNIVERSAL DECIMAL CLASSIFICATION NUMBER | |
| Universal Decimal Classification number | 347.72 |
| Common auxiliary subdivision | Sociedades comerciales |
| 041 ## - LANGUAGE CODE | |
| Language code of text/sound track or separate title | spa |
| 100 1# - MAIN ENTRY--PERSONAL NAME | |
| Personal name | Radresa, Emilio |
| 245 10 - TITLE STATEMENT | |
| Title | Sociedades Colectivas |
| 264 #1 - PRODUCTION, PUBLICATION, DISTRIBUTION, MANUFACTURE, AND COPYRIGHT NOTICE | |
| Place of production, publication, distribution, manufacture | Buenos Aires : |
| Name of producer, publisher, distributor, manufacturer | Astrea |
| Date of production, publication, distribution, manufacture, or copyright notice | 1973 |
| 300 ## - PHYSICAL DESCRIPTION | |
| Extent | 266 p. |
| Dimensions | 20 cm. |
| 505 ## - FORMATTED CONTENTS NOTE | |
| Formatted contents note | Generalidades: Ubicación de la sociedad colectiva en el marco general de las sociedades comerciales – 1. Definición legal de la sociedad colectiva – 2. Razón social – 3. Carácter de comerciante de los socios – 4. Administración – 5. Objeto – 6. Capital – 7. Relaciones de los socios entre sí – 8. Los socios frente a los terceros – 9. Disolución y liquidación de la sociedad - <br/><br/> |
| 590 ## - LOCAL NOTE (RLIN) | |
| Local note | niveau_biblio:m niveau_hierar:0 |
| 942 ## - ADDED ENTRY ELEMENTS (KOHA) | |
| Koha item type | |
| Withdrawn status | Lost status | Damaged status | Not for loan | Home library | Current library | Shelving location | Date acquired | Total checkouts | Full call number | Barcode | Date last seen | Price effective from | Koha item type |
|---|---|---|---|---|---|---|---|---|---|---|---|---|---|
| Biblioteca Prof. Eusebio Cleto del Rey | Biblioteca Prof. Eusebio Cleto del Rey | 07/04/2026 | 347.72 R124 | L25546 | 07/04/2026 | 07/04/2026 | Libro | ||||||
| Biblioteca Prof. Eusebio Cleto del Rey | Biblioteca Prof. Eusebio Cleto del Rey | 07/04/2026 | 347.72 R124 | L25547 | 07/04/2026 | 07/04/2026 | Libro | ||||||
| Biblioteca Prof. Eusebio Cleto del Rey | Biblioteca Prof. Eusebio Cleto del Rey | 07/04/2026 | 347.72 R124 | L25545 | 07/04/2026 | 07/04/2026 | Libro | ||||||
| Biblioteca Prof. Eusebio Cleto del Rey | Biblioteca Prof. Eusebio Cleto del Rey | 07/04/2026 | 347.72 R124 | L25544 | 07/04/2026 | 07/04/2026 | Libro |